00509nam a2200193Ia 4500008004100000020001800041050001400059100002000073245002300093245003300116245006700149260001500216260001600231260000900247300001400256300002700270300001000297500000800307170918s9999 xx 000 0 und d a9780545477574 bR848 2010 aRotner, Shelley 4aThe buss on bees : bwhy are they disappearing? / cShelley Rotner & Anne Woodhull ; photographs by Shelly Rotner. aNew York : bScholastic, c2010 aunpaged : bcolored illustration ; c22cm. a950